Culture Générale - Série 638 - Statistiques

Statistiques générales
  • Ce quiz a été pris 146 fois
  • Le résultat moyen est 7 sur 10
Statistiques - réponses
Question Réponse % Correct
Dans quelle grande ville française peut-on se promener sur la Canebière ? Marseille
99%
Quelle est la nationalité d'un Sicilien ? Italienne
98%
Quelle viande est traditionnellement préparée à la “Stroganov” ? boeuf
94%
Dans quel océan se situe l'archipel autrefois appelé "les Mascareignes" ? océan Indien
86%
Quelle petite fissure, ou crevasse de la peau ou des muqueuses, peut-on observer généralement aux mains et aux lèvres quand il fait froid ? gerçure
80%
Le nom du champignon vénéneux est "amanite tue-... mouches
74%
Quel archipel de la Polynésie française évoque un titre de noblesse, porté par certaines femmes ? Les Marquises
61%
Dans le film "Le Père Noël est une ordure", qui interprète le rôle de Katia ? Christian Clavier
53%
Quel auteur français du XIXe siècle a écrit le roman "Le Lys dans la vallée" ? Honoré de Balzac
38%
Complétez ce titre d'un roman de Truman Capote : "Petit déjeuner chez... Tiffany
15%
Aucun quiz correspondant
Distribution des résultats
% des personnes avec chaque résultat
Percentile par nombre de réponses
Votre historique - résultats
Vous n’avez pas pris ce quiz